000 00217 a2200109 4500
020 _a9781400034543
041 _aeng
100 _aGabriel Garcia Marquez
245 _aLiving to tell lale
942 _cBK
952 _71
999 _c18909
_d18909